| 000 | 00423nam a2200145Ia 4500 | ||
|---|---|---|---|
| 008 | 180921t xxu||||| ||||o00| 0 eng d | ||
| 041 | _aeng | ||
| 080 | _aVol.3 1895-1907 | ||
| 245 | _aNos. : No.16 of 1904. An ordinance To Amend "The Vehicles ordinance,1901." (Embodied In No.9 of 1901,Page 548.) | ||
| 300 | _ap.622, 23 cm | ||
| 650 | _aVehicles | ||
| 942 | _cBK | ||
| 999 |
_c49047 _d49047 |
||
| 003 | LK-CoDNM | ||
| 040 |
_aLK-CoDNM _dLK-CoDNM _eLK-CoDNM |
||